| 000 | 00383nam a22001457a 4500 | ||
|---|---|---|---|
| 999 |
_c7593 _d7591 |
||
| 005 | 20210315120954.0 | ||
| 008 | 210315b ||||| |||| 00| 0 eng d | ||
| 022 | _a0976-0504 | ||
| 100 |
_aCSIR-NISCAIR _96500 |
||
| 245 | _aINDIAN JOURNAL OF NATURAL PRODUCTS AND RESOURCES | ||
| 260 |
_aNEW DELHI _bCSIR-NISCAIR _c2020 |
||
| 300 | _a208,p | ||
| 650 |
_aAGRICULTURE _92837 |
||
| 942 | _cJRL | ||